Quiz mythologique : Ouranos. - Statistiques

Statistiques générales
  • Ce quiz a été pris 112 fois
  • Le résultat moyen est 8 sur 13
Statistiques - réponses
Questions Réponses % Correct
Femme Gaïa
97%
Mère Gaïa
97%
À quelles créatures donna-t-il naissance? Titans
91%
Lequel de ses enfants l'émascula et lui prit le pouvoir? Cronos
89%
De quoi est-il la personnification chez les Grecs? Ciel étoilé | Créateur
75%
ll aurait également donné naissance à cette déesse. Aphrodite
71%
Cyclopes
71%
Nom romain Uranus
68%
Géants
64%
Hécatonchires
60%
Selon Évhémère, Ouranos serait le premier roi de ce peuple légendaire. Atlantes
12%
Érinyes
12%
Nymphes Méliades
2%
Aucun quiz correspondant
Distribution des résultats
% des personnes avec chaque résultat
Percentile par nombre de réponses
Votre historique - résultats
Vous n’avez pas pris ce quiz